Effect of Glass Fiber Reinforcement on Physico-Mechanical Properties of Acrylic Denture Base Resins (Record no. 535856)
[ view plain ]
| 000 -LEADER | |
|---|---|
| fixed length control field | 00544nam a22001577a 4500 |
| 020 ## - INTERNATIONAL STANDARD BOOK NUMBER | |
| Qualifying information | Hard Cover. |
| 082 ## - DEWEY DECIMAL CLASSIFICATION NUMBER | |
| Classification number | 617.6 |
| 100 ## - MAIN ENTRY--PERSONAL NAME | |
| Personal name | Asghar, Mehmood |
| 245 ## - TITLE STATEMENT | |
| Title | Effect of Glass Fiber Reinforcement on Physico-Mechanical Properties of Acrylic Denture Base Resins |
| Statement of responsibility, etc. | Mehmood Asghar. |
| 260 ## - PUBLICATION, DISTRIBUTION, ETC. | |
| Place of publication, distribution, etc. | Islamabad : |
| Name of publisher, distributor, etc. | AMC - NUST, |
| Date of publication, distribution, etc. | 2016. |
| 300 ## - PHYSICAL DESCRIPTION | |
| Extent | xvii, 119 p. : ill. ; |
| Dimensions | 30cm. |
| 942 ## - ADDED ENTRY ELEMENTS (KOHA) | |
| Source of classification or shelving scheme | |
| Koha item type | Thesis |
| 650 ## - SUBJECT ADDED ENTRY--TOPICAL TERM | |
| Topical term or geographic name entry element | Dental Material M Phil.- Thesis. |
| 700 ## - ADDED ENTRY--PERSONAL NAME | |
| Personal name | Shahab Ud Din |
| 650 ## - SUBJECT ADDED ENTRY--TOPICAL TERM | |
| -- | 30748 |
| 700 ## - ADDED ENTRY--PERSONAL NAME | |
| -- | 24456 |
| Withdrawn status | Lost status | Source of classification or shelving scheme | Damaged status | Not for loan | Permanent Location | Current Location | Shelving location | Date acquired | Full call number | Barcode | Date last seen | Price effective from | Non-public note | Koha item type |
|---|---|---|---|---|---|---|---|---|---|---|---|---|---|---|
| NUST School of Health Sciences (NSHS) | NUST School of Health Sciences (NSHS) | Thesis | 09/24/2020 | 617.6 | Cl-T-6339 | 09/24/2020 | 09/24/2020 | Minute Sheet No. 0929/02/CL/Survey/5 dated 23rd April 2024 E-MIN ID 114741 | Thesis | |||||
| NUST School of Health Sciences (NSHS) | NUST School of Health Sciences (NSHS) | Thesis | 10/05/2020 | 617.6 | CL-T-6278 | 10/05/2020 | 10/05/2020 | Minute Sheet No. 0929/02/CL/Survey/5 dated 23rd April 2024 E-MIN ID 114741 | Thesis |
